Statics, including hydrostatics and the elements of the theory of elasticity (Record no. 544258)

000 -LEADER
fixed length control field 00693cam a2200193K 4500
082 ## - DEWEY DECIMAL CLASSIFICATION NUMBER
Classification number 531.2
Author Mark LAM
-- L-3, P-4
100 1# - MAIN ENTRY--PERSONAL NAME
Personal name Lamb, Horace,
9 (RLIN) 39833
245 10 - TITLE STATEMENT
Title Statics, including hydrostatics and the elements of the theory of elasticity
Statement of responsibility, etc. by Horace Lamb.
260 ## - PUBLICATION, DISTRIBUTION, ETC.
Place of publication, distribution, etc. Cambridge [Eng.]
Name of publisher, distributor, etc. Cambridge University Press,
Date of publication, distribution, etc. 1912.
300 ## - PHYSICAL DESCRIPTION
Extent 1 online resource (xii, 341 p.)
Other physical details diagrs.
526 ## - STUDY PROGRAM INFORMATION NOTE
Program name 0
Interest level 0
Reading level 0
Title point value 531_200000000000000_LAM
526 ## - STUDY PROGRAM INFORMATION NOTE
Program name 0
Interest level 0
Reading level 0
Title point value 531_200000000000000_LAM
650 #0 - SUBJECT ADDED ENTRY--TOPICAL TERM
Topical term or geographic name entry element Elasticity.
9 (RLIN) 10835
650 #0 - SUBJECT ADDED ENTRY--TOPICAL TERM
Topical term or geographic name entry element Hydrostatics.
9 (RLIN) 39834
650 #0 - SUBJECT ADDED ENTRY--TOPICAL TERM
Topical term or geographic name entry element MCE
9 (RLIN) 379
650 #0 - SUBJECT ADDED ENTRY--TOPICAL TERM
Topical term or geographic name entry element Statics.
9 (RLIN) 1020
856 40 - ELECTRONIC LOCATION AND ACCESS
Uniform Resource Identifier <a href="http://catalog.hathitrust.org/api/volumes/oclc/7761307.html">http://catalog.hathitrust.org/api/volumes/oclc/7761307.html</a>
942 ## - ADDED ENTRY ELEMENTS (KOHA)
Source of classification or shelving scheme
Koha item type Book
Holdings
Withdrawn status Lost status Source of classification or shelving scheme Damaged status Not for loan Permanent Location Current Location Date acquired Total Checkouts Full call number Barcode Date last seen Price effective from Koha item type
          Military College of Engineering (MCE) Military College of Engineering (MCE) 04/16/2014   531.2 LAM MCE-30443 04/16/2014 04/16/2014 Book
          Military College of Engineering (MCE) Military College of Engineering (MCE) 04/17/2014   531.2 LAM MCE-29219 04/17/2014 04/17/2014 Book
© 2023 Central Library, National University of Sciences and Technology. All Rights Reserved.